000
00324nam a2200133Ia 4500
008
210210b1948 xxu||||| |||| 00| 0 eng d
082
_a
310/200
100
_a
-
245
_a
Students in social work.
260
_a
Bombay
_b
Bureau of Research and Publications
_c
1948
300
_a
66
690
_a
Sociology
906
_a
001700
999
_c
77821
_d
77821